000 00202 a2200097 4500
001 25941
100 _aASM
245 _aAtlas of Isothermal transformation
260 _a
_bASM
_c
090 _c17544
_d17544
942 _aNUST-CAE
_cM
_c8385
999 _c261014
_d261014